[Event "Kishinev Ghimpu Memorial op"]
[Site "Kishinev"]
[Date "2012.11.10"]
[Round "3"]
[White "Prociuc, Evgenii"]
[Black "Bulmaga, Irina"]
[Result "1/2-1/2"]
[WhiteElo "2143"]
[BlackElo "2364"]
[PlyCount "61"]
[EventDate "2012.11.09"]
[EventType "swiss"]
[EventRounds "9"]
[EventCountry "MDA"]
[SourceTitle "EXT 2014"]
[Source "ChessBase"]
[SourceDate "2013.11.20"]
[SourceVersion "1"]
[SourceVersionDate "2013.11.20"]
[SourceQuality "1"]

1. e4 c5 2. Nf3 d6 3. d4 cxd4 4. Nxd4 Nf6 5. Nc3 a6 6. Be3 e5 7. Nb3 Be6 8. f3 Nbd7 9. Qd2 Qc7 10. 0-0-0 b5 11. g4 h6 12. Qf2 Rb8 13. h4 b4 14. Nd5 Bxd5 15. exd5 a5 16. Kb1 a4 17. Nc1 a3 18. Rg1 axb2 19. Nb3 Nc5 20. Nxc5 dxc5 21. d6 Bxd6 22. Bc4 Nd7 23. g5 h5 24. g6 f6 25. Rd2 Ke7 26. Rgd1 Rb6 27. Qf1 Re8 28. Qh3 Nf8 29. Qf5 Ra8 30. Bh6 Qc8 31. Qe4 1/2-1/2

[Event "Alushta Autumn 2nd"]
[Site "Alushta"]
[Date "2010.09.20"]
[Round "9"]
[White "Prociuc, Evgenii"]
[Black "Shtyrenkov, Veniamen"]
[Result "0-1"]
[WhiteElo "2147"]
[BlackElo "2410"]
[PlyCount "114"]
[EventDate "2010.09.14"]
[EventType "tourn"]
[EventRounds "13"]
[EventCountry "UKR"]
[EventCategory "4"]
[SourceTitle "CBM 138 Extra"]
[Source "ChessBase"]
[SourceDate "2010.10.29"]
[SourceVersion "1"]
[SourceVersionDate "2010.10.29"]
[SourceQuality "1"]

1. e4 c5 2. c3 e6 3. Nf3 d5 4. exd5 exd5 5. d4 Nc6 6. Be3 c4 7. Nbd2 Bd6 8. Be2 Nge7 9. 0-0 a6 10. b3 b5 11. a4 Rb8 12. Re1 0-0 13. axb5 axb5 14. b4 Qc7 15. Nf1 Bg4 16. Bg5 Ng6 17. g3 f6 18. Bd2 Nge7 19. Ne3 Bh3 20. Nh4 Qd7 21. Qc2 Ra8 22. Bf3 Bc7 23. Qb2 Be6 24. Bg2 Rfb8 25. Rxa8 Rxa8 26. Ra1 Qd8 27. Ra3 g6 28. Qa1 Rxa3 29. Qxa3 Qc8 30. Nf3 Qb7 31. Ne1 Na7 32. N1c2 Nac8 33. Nd1 g5 34. Qa1 Nd6 35. f4 g4 36. Nf2 h5 37. Qe1 Kf7 38. Qd1 Qa8 39. Qa1 Qxa1+ 40. Nxa1 Bf5 41. h3 gxh3 42. Nxh3 Ne4 43. Bxe4 Bxe4 44. Nf2 Bb1 45. Kf1 Nf5 46. Kg2 Kg6 47. Kf3 Nh6 48. Nd1 Ng4 49. Ne3 Nxe3 50. Bxe3 Be4+ 51. Ke2 Kf5 52. Kd1 Kg4 53. Bf2 f5 54. Nc2 Bxc2+ 55. Kxc2 Kf3 56. Be1 Ke2 57. Bd2 Kf2 0-1

[Event "Alushta Summer 2nd"]
[Site "Alushta"]
[Date "2010.06.12"]
[Round "11"]
[White "Yandemirov, Valeri"]
[Black "Prociuc, Evgenii"]
[Result "1-0"]
[WhiteElo "2467"]
[BlackElo "2145"]
[PlyCount "45"]
[EventDate "2010.06.02"]
[EventType "tourn"]
[EventRounds "11"]
[EventCountry "UKR"]
[EventCategory "6"]
[SourceTitle "CBM 137 Extra"]
[Source "ChessBase"]
[SourceDate "2010.09.01"]
[SourceVersion "1"]
[SourceVersionDate "2010.09.01"]
[SourceQuality "1"]

1. e4 c6 2. d4 d5 3. Nd2 dxe4 4. Nxe4 Nd7 5. Bd3 Ngf6 6. Ng5 e6 7. Qe2 Bd6 8. N1f3 h6 9. Ne4 Nxe4 10. Qxe4 Qc7 11. 0-0 b6 12. Qg4 g5 13. Qh3 Rg8 14. Re1 Bf8 15. Rxe6+ Kd8 16. Rxh6 Ne5 17. Qh5 Bg4 18. Bxg5+ Kc8 19. Ba6+ Kb8 20. Nxe5 Bxh5 21. Nxc6+ Qxc6 22. Rxc6 Bd6 23. Rxd6 1-0

[Event "Alushta Summer 2nd"]
[Site "Alushta"]
[Date "2010.06.10"]
[Round "9"]
[White "Kovalev, Andrei"]
[Black "Prociuc, Evgenii"]
[Result "1-0"]
[WhiteElo "2518"]
[BlackElo "2145"]
[PlyCount "45"]
[EventDate "2010.06.02"]
[EventType "tourn"]
[EventRounds "11"]
[EventCountry "UKR"]
[EventCategory "6"]
[SourceTitle "CBM 137 Extra"]
[Source "ChessBase"]
[SourceDate "2010.09.01"]
[SourceVersion "1"]
[SourceVersionDate "2010.09.01"]
[SourceQuality "1"]

1. e4 c6 2. d4 d5 3. Nd2 dxe4 4. Nxe4 Nd7 5. Ng5 Ngf6 6. Bd3 e6 7. N1f3 Bd6 8. Qe2 h6 9. Ne4 Nxe4 10. Qxe4 Qc7 11. Qg4 g5 12. Qe4 Nf6 13. Qe2 Bd7 14. Bd2 0-0-0 15. c4 Rhe8 16. c5 Bf8 17. Ne5 Ng8 18. Nxf7 e5 19. dxe5 Bxc5 20. 0-0 Kb8 21. Nxd8 Qxd8 22. Be3 Rxe5 23. Bf4 1-0

[Event "Alushta Summer 2nd"]
[Site "Alushta"]
[Date "2010.06.08"]
[Round "7"]
[White "Iljin, Timofey"]
[Black "Prociuc, Evgenii"]
[Result "1-0"]
[WhiteElo "2412"]
[BlackElo "2145"]
[PlyCount "115"]
[EventDate "2010.06.02"]
[EventType "tourn"]
[EventRounds "11"]
[EventCountry "UKR"]
[EventCategory "6"]
[SourceTitle "CBM 137 Extra"]
[Source "ChessBase"]
[SourceDate "2010.09.01"]
[SourceVersion "1"]
[SourceVersionDate "2010.09.01"]
[SourceQuality "1"]

1. d4 d5 2. c4 Nc6 3. Nc3 dxc4 4. Nf3 Nf6 5. Bg5 h6 6. Bh4 Bg4 7. d5 Bxf3 8. exf3 Ne5 9. Bg3 Nd3+ 10. Bxd3 cxd3 11. Qb3 d2+ 12. Ke2 e5 13. dxe6 Qe7 14. Nb5 Rc8 15. Nxa7 Rd8 16. Nb5 Nd5 17. Rhd1 Qxe6+ 18. Kf1 Qa6 19. Rxd2 c6 20. Re2+ Be7 21. Nd6+ Kf8 22. Qxb7 Qxb7 23. Nxb7 Rd7 24. Na5 c5 25. Rae1 g6 26. Nc4 Kg7 27. Rd1 Rhd8 28. Rxd5 Rxd5 29. Rxe7 Kf6 30. Re1 Rd1 31. Be5+ Ke6 32. Bc3+ Rxe1+ 33. Kxe1 Ra8 34. a3 f5 35. f4 Ra4 36. b3 Ra6 37. Kd2 Kd5 38. Kd3 g5 39. Bd2 Rg6 40. Ne3+ Ke6 41. g4 Rg8 42. Nxf5 gxf4 43. f3 h5 44. h3 hxg4 45. hxg4 Rd8+ 46. Kc2 Ke5 47. Ne7 Kf6 48. Bxf4 Rd7 49. Nf5 Ra7 50. Bc1 Ke5 51. Ng3 Rh7 52. Nh5 Kd4 53. f4 Re7 54. f5 Re2+ 55. Bd2 Rg2 56. g5 Ke5 57. f6 Ke6 58. Nf4+ 1-0

[Event "Alushta Summer 2nd"]
[Site "Alushta"]
[Date "2010.06.04"]
[Round "3"]
[White "Gevorgyan, David"]
[Black "Prociuc, Evgenii"]
[Result "1-0"]
[WhiteElo "2141"]
[BlackElo "2145"]
[PlyCount "73"]
[EventDate "2010.06.02"]
[EventType "tourn"]
[EventRounds "11"]
[EventCountry "UKR"]
[EventCategory "6"]
[SourceTitle "CBM 137 Extra"]
[Source "ChessBase"]
[SourceDate "2010.09.01"]
[SourceVersion "1"]
[SourceVersionDate "2010.09.01"]
[SourceQuality "1"]

1. g3 e5 2. Bg2 d5 3. d3 Nf6 4. Nf3 Nc6 5. 0-0 Be7 6. Nbd2 h6 7. e4 Be6 8. c3 Qd7 9. Qe2 dxe4 10. dxe4 a6 11. Nc4 Bxc4 12. Qxc4 Bd6 13. Nh4 Ne7 14. a4 Rd8 15. h3 b5 16. Qe2 c5 17. Rd1 0-0 18. axb5 axb5 19. Ra6 c4 20. Raxd6 Qxd6 21. Rxd6 Rxd6 22. Be3 Rfd8 23. Kh2 Rd3 24. Nf5 Nc6 25. Qc2 Rd1 26. b3 Ra1 27. bxc4 bxc4 28. Qb2 Rda8 29. Qb5 Na5 30. Qxe5 Re8 31. Nxh6+ Kh8 32. Nxf7+ Kg8 33. Nh6+ Kh8 34. Qf5 Nc6 35. Ng4 Ra5 36. e5 Nxg4+ 37. Qxg4 1-0

[Event "Yuzhny op"]
[Site "Yuzhny"]
[Date "2009.09.12"]
[Round "8"]
[White "Pastukhov, Igor"]
[Black "Prociuc, Evgenii"]
[Result "1-0"]
[WhiteElo "2278"]
[BlackElo "2109"]
[PlyCount "91"]
[EventDate "2009.09.08"]
[EventType "swiss"]
[EventRounds "9"]
[EventCountry "UKR"]
[SourceTitle "CBM 132 Extra"]
[Source "ChessBase"]
[SourceDate "2009.11.03"]
[SourceVersion "1"]
[SourceVersionDate "2009.11.03"]
[SourceQuality "1"]

1. e4 e5 2. Nf3 Nf6 3. Nxe5 d6 4. Nf3 Nxe4 5. d4 d5 6. Bd3 Nc6 7. 0-0 Be7 8. Nc3 f5 9. Ne5 0-0 10. Nxd5 Nxe5 11. Nxe7+ Qxe7 12. dxe5 Qxe5 13. Qe2 Qc5 14. Bc4+ Kh8 15. Be3 Qe7 16. Rfe1 Be6 17. Bd4 Bxc4 18. Qxc4 Qf7 19. Qb3 c5 20. Be5 Rae8 21. Bf4 g5 22. Qxf7 Rxf7 23. Bxg5 Rg8 24. Bf4 h5 25. f3 Ng5 26. Kf2 h4 27. Rad1 h3 28. g3 Kh7 29. Rd5 Rg6 30. Bxg5 Rxg5 31. Rxc5 Rd7 32. Rc4 Kg6 33. Rh4 Rh5 34. Re6+ Kf7 35. Rxh5 Kxe6 36. Rh6+ Ke5 37. Ke3 Rd1 38. f4+ Kd5 39. Rxh3 Re1+ 40. Kd2 Rh1 41. Rh7 Ke4 42. Ke2 Rc1 43. Re7+ Kd4 44. Kd2 Rg1 45. a4 Rg2+ 46. Re2 1-0

[Event "Chebanenco Memorial"]
[Site "Kishinev"]
[Date "2009.02.08"]
[Round "11"]
[White "Itkis, Boris"]
[Black "Prociuc, Evgenii"]
[Result "1-0"]
[WhiteElo "2412"]
[BlackElo "2147"]
[PlyCount "68"]
[EventDate "2009.01.30"]
[EventType "tourn"]
[EventRounds "11"]
[EventCountry "MDA"]
[EventCategory "1"]
[SourceTitle "EXT 2010"]
[Source "ChessBase"]
[SourceDate "2010.11.25"]
[SourceVersion "1"]
[SourceVersionDate "2010.11.25"]
[SourceQuality "1"]

1. d4 Nf6 2. Nf3 e6 3. c4 d5 4. e3 Be7 5. Nc3 0-0 6. Bd3 c5 7. cxd5 exd5 8. dxc5 Bxc5 9. h3 Nc6 10. 0-0 Bb6 11. Ne2 Be6 12. b3 Bc7 13. Bb2 Ne4 14. Rc1 Rc8 15. Bb1 a6 16. Ned4 Ng5 17. Kh1 Nxf3 18. Nxf3 Qd7 19. Qd3 g6 20. Ng5 Bf5 21. e4 Qd6 22. f4 dxe4 23. Qc3 f6 24. Nxe4 Bxe4 25. Bxe4 Bd8 26. Qf3 Kg7 27. Rfd1 Qe6 28. f5 Qe8 29. fxg6 hxg6 30. Qg4 Rc7 31. Rxd8 Qxd8 32. Qxg6+ Kh8 33. Rf1 Ne5 34. Qh6+ Kg8 1-0

[Event "Chebanenco Memorial"]
[Site "Kishinev"]
[Date "2009.02.04"]
[Round "7"]
[White "Stets, Dmitry"]
[Black "Prociuc, Evgenii"]
[Result "1-0"]
[WhiteElo "2421"]
[BlackElo "2147"]
[PlyCount "55"]
[EventDate "2009.01.30"]
[EventType "tourn"]
[EventRounds "11"]
[EventCountry "MDA"]
[EventCategory "1"]
[SourceTitle "EXT 2010"]
[Source "ChessBase"]
[SourceDate "2010.11.25"]
[SourceVersion "1"]
[SourceVersionDate "2010.11.25"]
[SourceQuality "1"]

1. e4 e5 2. Nf3 Nc6 3. Bb5 Nf6 4. d4 Nxe4 5. dxe5 d5 6. Nbd2 Nc5 7. Nb3 a6 8. Bxc6+ bxc6 9. Nfd4 Nxb3 10. Nxb3 c5 11. Be3 c4 12. Nc5 c6 13. Qd2 Rb8 14. b4 Be7 15. 0-0 0-0 16. Bd4 a5 17. c3 Bf5 18. a3 Re8 19. Rfe1 Rb5 20. Qf4 Bc2 21. Qg4 axb4 22. axb4 Bxc5 23. Bxc5 Rb8 24. Bd4 Bg6 25. e6 f5 26. Qf4 Ra8 27. Rxa8 Qxa8 28. Qc7 1-0

[Event "Chebanenco Memorial"]
[Site "Kishinev"]
[Date "2009.02.03"]
[Round "5"]
[White "Romcovici, Victor"]
[Black "Prociuc, Evgenii"]
[Result "0-1"]
[WhiteElo "2230"]
[BlackElo "2147"]
[PlyCount "110"]
[EventDate "2009.01.30"]
[EventType "tourn"]
[EventRounds "11"]
[EventCountry "MDA"]
[EventCategory "1"]
[SourceTitle "EXT 2010"]
[Source "ChessBase"]
[SourceDate "2010.11.25"]
[SourceVersion "1"]
[SourceVersionDate "2010.11.25"]
[SourceQuality "1"]

1. d4 d5 2. Nc3 Nf6 3. Bg5 e6 4. e4 dxe4 5. Nxe4 Be7 6. Bxf6 gxf6 7. Nf3 Qd5 8. Bd3 Rg8 9. 0-0 Nc6 10. c4 Qh5 11. Ng3 Qh6 12. Re1 Qg7 13. d5 Ne5 14. Nxe5 fxe5 15. Qh5 Bd7 16. Qxh7 Qxh7 17. Bxh7 Rg5 18. Bd3 0-0-0 19. h4 Rg4 20. dxe6 Bxe6 21. Bf5 Rxh4 22. Bxe6+ fxe6 23. Rxe5 Bf6 24. Re2 Rxc4 25. Rae1 Rg4 26. Ne4 Bd4 27. g3 Rf8 28. Kg2 e5 29. f3 Rg6 30. Rh1 Rf7 31. b3 Kd7 32. g4 c5 33. Kg3 b5 34. g5 Ke6 35. Rh6 Rfg7 36. Kh4 Kf5 37. Ng3+ Kf4 38. Nh5+ Kxf3 39. Nxg7 Rxg7 40. Rh2 e4 41. Rh3+ Kf4 42. Rh1 Bf2+ 43. Kh3 Rxg5 44. Rf6+ Ke3 45. Rb1 Rg3+ 46. Kh2 Rf3 47. Ra6 Kd3 48. Rxa7 Bd4 49. Rd7 Rf2+ 50. Kg3 Rxa2 51. b4 Kc2 52. Re1 Kc3 53. Rxe4 Kxb4 54. Re8 Kc3 55. Rb7 b4 0-1

[Event "Chebanenco Memorial"]
[Site "Kishinev"]
[Date "2009.02.01"]
[Round "3"]
[White "Iakymov, Volodymyr"]
[Black "Prociuc, Evgenii"]
[Result "1-0"]
[WhiteElo "2442"]
[BlackElo "2147"]
[PlyCount "77"]
[EventDate "2009.01.30"]
[EventType "tourn"]
[EventRounds "11"]
[EventCountry "MDA"]
[EventCategory "1"]
[SourceTitle "EXT 2010"]
[Source "ChessBase"]
[SourceDate "2010.11.25"]
[SourceVersion "1"]
[SourceVersionDate "2010.11.25"]
[SourceQuality "1"]

1. e4 e5 2. Bc4 Nf6 3. d4 exd4 4. Nf3 Be7 5. e5 Ne4 6. Qxd4 Nc5 7. Qg4 g6 8. Qf4 Ne6 9. Bxe6 dxe6 10. Nc3 g5 11. Nxg5 Bxg5 12. Qxg5 Qxg5 13. Bxg5 Kd7 14. 0-0-0+ Kc6 15. Rd4 b5 16. Rf4 Nd7 17. Rxf7 Nxe5 18. Rg7 Nc4 19. Rd1 Nd6 20. Bf4 Ba6 21. Ne2 Rae8 22. Nd4+ Kb6 23. Bxd6 cxd6 24. Rd7 Rd8 25. Rxd8 Rxd8 26. Nxe6 Rd7 27. f4 Bb7 28. g4 Bf3 29. Rg1 Bd5 30. f5 a5 31. a3 b4 32. axb4 axb4 33. Rd1 Bf3 34. Rd4 Kb5 35. f6 Kc6 36. Rf4 Bd5 37. f7 Rxf7 38. Rxf7 Bxe6 39. Rxh7 1-0

[Event "Ilichevsk Sunny Pawn-B"]
[Site "Ilichevsk"]
[Date "2008.07.26"]
[Round "7"]
[White "Kagramanianz, Vartan"]
[Black "Prociuc, Evgenii"]
[Result "0-1"]
[WhiteElo "2251"]
[BlackElo "2109"]
[PlyCount "96"]
[EventDate "2008.07.20"]
[EventType "tourn"]
[EventRounds "11"]
[EventCountry "UKR"]
[SourceTitle "CBM 125 Extra"]
[Source "ChessBase"]
[SourceDate "2008.09.01"]
[SourceVersion "1"]
[SourceVersionDate "2008.09.01"]
[SourceQuality "1"]

1. d4 Nf6 2. Nf3 e6 3. Bg5 Be7 4. Nbd2 d5 5. e3 h6 6. Bf4 Nbd7 7. Bd3 c5 8. c3 0-0 9. h3 Qb6 10. Rb1 Qa5 11. a3 c4 12. Bc2 b5 13. 0-0 Qb6 14. e4 a5 15. e5 Nh7 16. Nh2 f5 17. exf6 Ndxf6 18. Be5 b4 19. axb4 axb4 20. Ng4 b3 21. Bxh7+ Kxh7 22. Bxf6 Bxf6 23. Nf3 Bd7 24. Nfe5 Bxe5 25. Nxe5 Be8 26. Ra1 Qb7 27. Qb1+ Kg8 28. f4 Ra6 29. g3 Qa7 30. Rxa6 Qxa6 31. Qa1 Qb6 32. Qa3 Qd8 33. Qc5 Qf6 34. g4 h5 35. Kg2 h4 36. Qb6 Kh7 37. Nf3 Bg6 38. Ng5+ Kg8 39. Qxe6+ Qxe6 40. Nxe6 Be4+ 41. Kf2 Ra8 42. Ke3 Ra2 43. Rf2 Bc2 44. Nc7 Rxb2 45. Nxd5 Ra2 46. Nb4 b2 47. Rxc2 b1Q 48. Rxa2 Qe1+ 0-1

[Event "Ilichevsk Sunny Pawn-B"]
[Site "Ilichevsk"]
[Date "2008.07.23"]
[Round "4"]
[White "Prociuc, Evgenii"]
[Black "Bogdanovich, Stanislav"]
[Result "0-1"]
[WhiteElo "2109"]
[BlackElo "2299"]
[PlyCount "64"]
[EventDate "2008.07.20"]
[EventType "tourn"]
[EventRounds "11"]
[EventCountry "UKR"]
[SourceTitle "CBM 125 Extra"]
[Source "ChessBase"]
[SourceDate "2008.09.01"]
[SourceVersion "1"]
[SourceVersionDate "2008.09.01"]
[SourceQuality "1"]

1. e4 c5 2. Nf3 Nc6 3. Bb5 g6 4. Bxc6 dxc6 5. d3 Bg7 6. h3 Nf6 7. Nc3 Nd7 8. 0-0 e5 9. Be3 Qe7 10. Qd2 h6 11. Nh2 Nf8 12. f4 exf4 13. Rxf4 Be6 14. Raf1 Nd7 15. R4f2 Ne5 16. Ne2 0-0-0 17. Qa5 b6 18. Qa3 Kb7 19. b3 f5 20. d4 Nd7 21. dxc5 Bf7 22. Qb4 Rhe8 23. Ng3 Qh4 24. Bf4 Nxc5 25. exf5 Bd4 26. fxg6 Bxg6 27. Ng4 h5 28. c3 Nd3 29. Qc4 b5 30. Nf5 Bxf2+ 31. Nxf2 Qxf2+ 32. Rxf2 bxc4 0-1

[Event "Ilichevsk Sunny Pawn-B"]
[Site "Ilichevsk"]
[Date "2008.07.21"]
[Round "2"]
[White "Prociuc, Evgenii"]
[Black "Agafii, Victor"]
[Result "0-1"]
[WhiteElo "2109"]
[BlackElo "2306"]
[PlyCount "118"]
[EventDate "2008.07.20"]
[EventType "tourn"]
[EventRounds "11"]
[EventCountry "UKR"]
[SourceTitle "CBM 125 Extra"]
[Source "ChessBase"]
[SourceDate "2008.09.01"]
[SourceVersion "1"]
[SourceVersionDate "2008.09.01"]
[SourceQuality "1"]

1. d4 e6 2. Nf3 Nf6 3. c4 b6 4. a3 Bb7 5. Nc3 d5 6. cxd5 exd5 7. g3 a6 8. Bg2 Bd6 9. 0-0 0-0 10. Ne5 Re8 11. Bg5 Bxe5 12. dxe5 Rxe5 13. f4 Re6 14. Bxd5 Bxd5 15. Bxf6 Qxf6 16. Nxd5 Qd8 17. Rf3 Nd7 18. Nc3 Nf6 19. Qxd8+ Rxd8 20. Rd3 Rxd3 21. exd3 Rd6 22. Rd1 c5 23. h3 Kf8 24. Kf2 h6 25. Kf3 Ke7 26. Re1+ Kd7 27. Re3 Nd5 28. Nxd5 Rxd5 29. Ke2 Rd6 30. Kd2 Re6 31. Rf3 Kd6 32. Rf1 h5 33. g4 hxg4 34. hxg4 Rh6 35. Kc3 Rh3 36. Re1 Rg3 37. g5 Rf3 38. Re4 b5 39. b3 g6 40. Kd2 Rf2+ 41. Kc3 a5 42. d4 Rf3+ 43. Kc2 c4 44. bxc4 bxc4 45. a4 Kd5 46. Re5+ Kxd4 47. Rxa5 Rxf4 48. Ra7 Rf2+ 49. Kb1 Kc3 50. a5 Rf1+ 51. Ka2 Rf5 52. Ka3 Rxg5 53. Ka4 Rf5 54. a6 Rf1 55. Rc7 Ra1+ 56. Kb5 Kb3 57. a7 c3 58. Rxf7 c2 59. Rc7 Rxa7 0-1

[Event "Kishinev ULIM op"]
[Site "Kishinev"]
[Date "2007.10.07"]
[Round "2"]
[White "Hamitevici, Vladimir"]
[Black "Prociuc, Evgenii"]
[Result "1-0"]
[WhiteElo "2333"]
[BlackElo "2120"]
[PlyCount "77"]
[EventDate "2007.10.06"]
[EventType "swiss"]
[EventRounds "9"]
[EventCountry "MDA"]
[SourceTitle "EXT 2008"]
[Source "ChessBase"]
[SourceDate "2007.11.25"]
[SourceVersion "1"]
[SourceVersionDate "2007.11.25"]
[SourceQuality "1"]

1. e4 c5 2. d4 cxd4 3. c3 d3 4. c4 e6 5. Bxd3 d6 6. Nc3 Nf6 7. Be3 Be7 8. Rc1 0-0 9. h3 Nc6 10. b3 b6 11. g4 Bb7 12. g5 Nd7 13. h4 f5 14. f4 Nc5 15. Bb1 e5 16. exf5 Nd4 17. f6 Bxf6 18. gxf6 Bxh1 19. Qh5 Rxf6 20. fxe5 g6 21. Qg5 Nf3+ 22. Nxf3 Rxf3 23. Ke2 Rh3 24. b4 Rh2+ 25. Ke1 Ne6 26. Qg4 Qxh4+ 27. Qxh4 Rxh4 28. exd6 Rxc4 29. a3 Kf7 30. Ba2 Rac8 31. Kd2 Rh4 32. Rf1+ Ke8 33. Bxe6 Rh2+ 34. Kd3 Rd8 35. Nb5 Rxd6+ 36. Nxd6+ Ke7 37. Bg8 Bc6 38. Bg5+ Kxd6 39. Bf4+ 1-0

[Event "Kishinev ULIM op"]
[Site "Kishinev"]
[Date "2007.10.06"]
[Round "1"]
[White "Prociuc, Evgenii"]
[Black "Morozov, Nichita"]
[Result "1-0"]
[WhiteElo "2120"]
[BlackElo "1650"]
[PlyCount "110"]
[EventDate "2007.10.06"]
[EventType "swiss"]
[EventRounds "9"]
[EventCountry "MDA"]
[SourceTitle "EXT 2008"]
[Source "ChessBase"]
[SourceDate "2007.11.25"]
[SourceVersion "1"]
[SourceVersionDate "2007.11.25"]
[SourceQuality "1"]

1. e4 c6 2. d4 d5 3. Nc3 a6 4. Nf3 Bg4 5. Be2 e6 6. h3 Bh5 7. Be3 Nf6 8. exd5 cxd5 9. Ne5 Bxe2 10. Qxe2 Nc6 11. 0-0 Bd6 12. Nxc6 bxc6 13. Na4 Ne4 14. c4 0-0 15. Rfd1 Bc7 16. Qf3 Qd6 17. g3 Rab8 18. Rac1 Qe7 19. b3 Bb6 20. Bf4 Qf6 21. Kg2 Rb7 22. Be3 Qxf3+ 23. Kxf3 Ba7 24. cxd5 cxd5 25. Rc6 h6 26. Ke2 a5 27. Rdc1 Bb8 28. Kd3 Rd8 29. Nc5 Nxc5+ 30. R1xc5 a4 31. bxa4 Kh7 32. a5 Bd6 33. a6 Ra7 34. Rb5 Bf8 35. Kc2 Rda8 36. Rbb6 Kg6 37. Kb3 Kf6 38. Ka4 Ke7 39. Kb5 Kd8 40. Bf4 g5 41. Bb8 Rd7 42. a7 Bg7 43. Ka6 Bxd4 44. Rb7 Bxf2 45. Rxd7+ Kxd7 46. Rc7+ Ke8 47. Kb7 Bxa7 48. Kxa8 Bxb8 49. Kxb8 d4 50. Kb7 e5 51. Kc6 e4 52. Rd7 d3 53. a4 f5 54. a5 e3 55. a6 e2 1-0

[Event "Kishinev Binefacere op"]
[Site "Kishinev"]
[Date "2007.04.27"]
[Round "7"]
[White "Bespalov, Vladimir1"]
[Black "Prociuc, Evgenii"]
[Result "0-1"]
[WhiteElo "2045"]
[BlackElo "2156"]
[PlyCount "88"]
[EventDate "2007.04.21"]
[EventType "swiss"]
[EventRounds "9"]
[EventCountry "MDA"]
[SourceTitle "CBM 118 Extra"]
[Source "ChessBase"]
[SourceDate "2007.07.04"]
[SourceVersion "1"]
[SourceVersionDate "2007.07.04"]
[SourceQuality "1"]

1. d4 Nf6 2. Nf3 d5 3. Nbd2 c5 4. e3 e6 5. c3 Nc6 6. Bd3 Bd6 7. 0-0 0-0 8. a3 e5 9. dxe5 Nxe5 10. Nxe5 Bxe5 11. Nf3 Bc7 12. Qc2 Qd6 13. g3 Bg4 14. Nh4 Rfe8 15. Bd2 Ne4 16. Rae1 Bh3 17. Ng2 Re6 18. f4 Rae8 19. Bc1 c4 20. Bxe4 Rxe4 21. Rd1 Bb6 22. Qf2 Bc5 23. Qf3 f5 24. Rde1 Qe6 25. Qf2 b5 26. Rd1 a5 27. Rfe1 Bg4 28. Rd2 b4 29. axb4 axb4 30. Rc2 b3 31. Rd2 g6 32. Kf1 Kg7 33. Kg1 Kf6 34. Rf1 Rxe3 35. Rxd5 Qxd5 36. Bxe3 Bxe3 37. Nxe3 Qe4 38. Re1 Kf7 39. Ng2 Be2 40. Qc5 Kg7 41. Nh4 Kh6 42. Qf2 Qc2 43. g4 fxg4 44. Ng2 Qxb2 0-1

[Event "Kishinev Binefacere op"]
[Site "Kishinev"]
[Date "2007.04.24"]
[Round "4"]
[White "Babei, Angelica"]
[Black "Prociuc, Evgenii"]
[Result "0-1"]
[WhiteElo "1970"]
[BlackElo "2156"]
[PlyCount "54"]
[EventDate "2007.04.21"]
[EventType "swiss"]
[EventRounds "9"]
[EventCountry "MDA"]
[SourceTitle "CBM 118 Extra"]
[Source "ChessBase"]
[SourceDate "2007.07.04"]
[SourceVersion "1"]
[SourceVersionDate "2007.07.04"]
[SourceQuality "1"]

1. e4 c5 2. d3 d5 3. exd5 Qxd5 4. Nc3 Qd8 5. Be3 e5 6. f4 Nc6 7. g3 Nf6 8. fxe5 Nxe5 9. Bg2 Neg4 10. Bf4 Qe7+ 11. Qe2 Qxe2+ 12. Ngxe2 Nh5 13. Kd2 Nxf4 14. Nxf4 Bd6 15. Rae1+ Kd8 16. Ne4 Be7 17. Nd5 Bf8 18. Ng5 Nh6 19. Be4 f6 20. Nxh7 Bd6 21. Bg6 Bf5 22. Bxf5 Nxf5 23. g4 Nd4 24. Re3 Rxh7 25. c3 Nc6 26. h3 Kd7 27. Rf3 Rah8 0-1

[Event "Kishinev ULIM Cup"]
[Site "Kishinev"]
[Date "2005.10.11"]
[Round "4"]
[White "Prociuc, Evgenii"]
[Black "Chirpii, Valeria"]
[Result "1-0"]
[WhiteElo "2078"]
[BlackElo "1886"]
[PlyCount "83"]
[EventDate "2005.10.08"]
[EventType "swiss"]
[EventRounds "9"]
[EventCountry "MDA"]
[SourceTitle "CBM 108 Extra"]
[Source "ChessBase"]
[SourceDate "2005.11.04"]
[SourceVersion "1"]
[SourceVersionDate "2005.11.04"]
[SourceQuality "1"]

1. d4 Nf6 2. c4 d6 3. g3 g6 4. Bg2 Bg7 5. Nf3 Nbd7 6. Nc3 0-0 7. e4 e5 8. 0-0 Re8 9. Re1 a6 10. Bg5 h6 11. Be3 Ng4 12. Bc1 exd4 13. Nxd4 Qf6 14. Nf3 Nde5 15. Nd5 Qd8 16. h3 c6 17. hxg4 cxd5 18. Nxe5 Bxe5 19. exd5 Bd7 20. Bf3 Rc8 21. Be2 Qf6 22. Rb1 Bd4 23. Rf1 Qe5 24. Bf4 Qxe2 25. Qxd4 Rxc4 26. Qf6 Bxg4 27. Bxh6 Qe5 28. Bg5 Qxf6 29. Bxf6 Bf3 30. Rfe1 Rxe1+ 31. Rxe1 Kh7 32. Kh2 Rc2 33. g4 Rxf2+ 34. Kg3 Re2 35. Rc1 Bxd5 36. g5 Bc6 37. Rd1 Re6 38. Rd2 Re3+ 39. Kf4 Rf3+ 40. Kg4 Kg8 41. Rh2 Rxf6 42. gxf6 1-0